| 000 | 00617nam a2200181Ia 4500 | ||
|---|---|---|---|
| 003 | GCL | ||
| 008 | 140319s9999 xx 000 0 ara d | ||
| 040 |
_aGCL / _cGCL |
||
| 082 | 0 | 4 |
_a414.3 _bم م |
| 100 | 1 | _aمحمود سعيد | |
| 245 | 1 | 0 |
_aمباحث البيانات عند الاصوليين والبلاغيين / _cمحمود سعيد |
| 260 |
_a[S.N] : _bمكتبه النهضه المصريه ، _c1989 |
||
| 300 | _a331 ص | ||
| 490 |
_aمن المباحث الاصولية والبلاغية _v0 |
||
| 650 | 0 | 4 | _aاللغة العربية |
| 650 | 0 | 4 | _aالبلاغة العربية |
| 942 |
_2ddc _cBK |
||
| 999 |
_c53723 _d53723 |
||